The risk assessment of environmental and human health hazards : a textbook of case studies
Αποθηκεύτηκε σε:
| Άλλοι συγγραφείς: | |
|---|---|
| Μορφή: | Βιβλίο |
| Γλώσσα: | English |
| Δημοσίευση: |
New York :
John Wiley and Sons,
c1989
|
| Σειρά: | A Wiley-Interscience publication
|
| Θέματα: | |
| Ετικέτες: |
Προσθήκη ετικέτας
Δεν υπάρχουν, Καταχωρήστε ετικέτα πρώτοι!
|
MARC
| LEADER | 00000nam a2200000 i 4500 | ||
|---|---|---|---|
| 001 | 1/64778 | ||
| 008 | 931004s1989 eng d | ||
| 020 | |a 0-471-84998-7 | ||
| 035 | |a ΛΕΣΒΟΣb10001443 |l 10001443 | ||
| 040 | |a GR-MY-UA |b gre |e aacr | ||
| 041 | 0 | |a eng | |
| 082 | 0 | |a 363.1 | |
| 245 | 1 | 4 | |a The risk assessment of environmental and human health hazards : |b a textbook of case studies / |c Edited by Dennis J. Paustenbach |
| 260 | |a New York : |b John Wiley and Sons, |c c1989 | ||
| 300 | |a 1155 p. | ||
| 490 | 1 | |a A Wiley-Interscience publication | |
| 504 | |a Includes index | ||
| 650 | 0 | 0 | |a Health risk assessment. |
| 650 | 0 | 0 | |a Environmental health. |
| 650 | 0 | 0 | |a Pollution. |
| 700 | 1 | |a Paustenbach, Dennis J. |4 edt | |
| 830 | 0 | |a A Wiley-Interscience publication | |
| 852 | |a INST |b LESVOS |e 19931004 |h 363.1 RIS |p 005100004081 |q 005100004081 |t BK |y 0 | ||
| 852 | |a INST |b LESVOS |e 19931004 |h 363.1 RIS |p 005100004082 |q 005100004082 |t BK |y 0 | ||
| 909 | |a Λ |b 017695 | ||